Guess Korean Actors By Picture (Level Hard) - Statistics

General Stats
  • This quiz has been taken 45 times
  • The average score is 19 of 101
Answer Stats
Picture Answer % Correct
Park Bo Gum
74%
Hwang In Yeop
69%
Woo Do Hwan
66%
Lee Dong Wook
57%
Wi Ha Joon
57%
Ahn Bo Hyun
54%
Seo In Guk
54%
Byeon Woo Seok
51%
Lee Jae Wook
49%
Choi Hyun Wook
46%
Rowoon
46%
Ryeoun
43%
Hwang Min Hyun
40%
Kim Seon Ho
40%
Yook Sung Jae
40%
Choi Si Won
37%
Kang Daniel
37%
Kwak Dong Yeon
37%
Lee Sang Yi
37%
Lee Soo Hyuk
37%
Park Sung Hoon
37%
Kim Bum
34%
Lee Jun Young
34%
Suho
34%
Seo Kang Joon
31%
Yoo Yeon Seok
31%
Choo Young Woo
23%
Lee Chae Min
23%
Lee Yi Kyung
23%
Choi Daniel
20%
Hwang Chan Sung
20%
Jo Byeong Gyu
20%
Kang Ki Young
20%
Kim Jae Young
20%
Nam Yoon Su
20%
Yoo Seung Ho
20%
Jung Il Woo
17%
Lee Jung Shin
17%
Lee Min Jae
17%
Moon Sang Min
17%
Jang Hyuk
14%
Kim Dong Jun
14%
Lee Hong Ki
14%
Song Seung Heon
14%
Son Ho Jun
14%
Yoo In Soo
14%
Bae Hyeon Seong
11%
Bae In Hyuk
11%
Cha Hak Yeon
11%
Jung Yong Hwa
11%
Kim Yo Han
11%
Lee Gi Kwang
11%
Lee Jun Hyuk
11%
Lee Sang Yeob
11%
Lee Seung Hyub
11%
Yoon Jong Hoon
11%
Chae Jong Hyeop
9%
Cha Seung Won
9%
Choi Byung Chan
9%
Choi Won Young
9%
Eum Moon Suk
9%
Im Joo Hwan
9%
Joo Jong Hyuk
9%
Kwon Sang Woo
9%
Lee Dong Gun
9%
Lee Hong Bin
9%
Oh Eui Shik
9%
Ryu Soo Young
9%
Tang Jun Sang
9%
Yun Ji On
9%
Baek Seo Hoo
6%
Go Jun
6%
Jung Jin Woon
6%
Kim Do Hoon
6%
Kim Do Wan
6%
Kim Kyung Nam
6%
Namkoong Min
6%
Seo Ji Hoon
6%
Yoo Soo Bin
6%
Ahn Dong Goo
3%
Baek Sung Hyun
3%
Hwang Hee
3%
Jung Gun Joo
3%
Kim Dong Wook
3%
Kim Hyun Jin
3%
Kim Shin Bi
3%
Kwak Shi Yang
3%
Lee Shin Young
3%
Park Byung Eun
3%
Shin Won Ho
3%
Song Geon Hee
3%
Baek Sung Chul
0%
Hyun Woo
0%
Jo Bok Rae
0%
Kang Gi Doong
0%
Lee Jong Won
0%
Lee Si Eon
0%
Noh Jong Hyun
0%
On Joo Wan
0%
Shin Hyun Seung
0%
Yoon Hyun Min
0%
No matching quizzes found
Score Distribution
Percent of People with Each Score
Percentile by Number Answered
Your Score History
You have not taken this quiz